Особенности износа литого инструментального сплава на основе Х6ВФ с повышенным содержанием ванадия; Современные проблемы машиностроения

Dades bibliogràfiques
Parent link:Современные проблемы машиностроения.— 2008.— С. 126-131
Autor principal: Утьев О. М. Олег Михайлович
Idioma:rus
Publicat: 2008
Matèries:
Format: MixedMaterials Capítol de llibre
KOHA link:https://koha.lib.tpu.ru/cgi-bin/koha/opac-detail.pl?biblionumber=157723

MARC

LEADER 00000naa2a2200000 4500
001 157723
005 20240110104355.0
035 |a (RuTPU)RU\TPU\book\171081 
090 |a 157723 
100 |a 20090413d2008 k y0rusy50 ca 
101 0 |a rus 
102 |a RU 
200 1 |a Особенности износа литого инструментального сплава на основе Х6ВФ с повышенным содержанием ванадия  |f О. М. Утьев 
320 |a Библиогр.: 8 назв. 
463 0 |0 (RuTPU)RU\TPU\book\164780  |t Современные проблемы машиностроения  |o труды IV Международной научно-технической конференции, 26-28 ноября 2008 г., Томск  |f Томский политехнический университет (ТПУ)  |v С. 126-131  |d 2008  |p 666 с. 
610 1 |a ванадий 
610 1 |a износ 
610 1 |a инструментальные сплавы 
610 1 |a инструментальные стали 
610 1 |a режущие инструменты 
610 1 |a износостойкость 
610 1 |a литые сплавы 
610 1 |a карбиды ванадия 
610 1 |a труды учёных ТПУ 
700 1 |a Утьев  |b О. М.  |c специалист в области материаловедения  |c старший преподаватель Томского политехнического университета  |f 1964-  |g Олег Михайлович  |3 (RuTPU)RU\TPU\pers\26500  |9 12202 
801 1 |a RU  |b 63413507  |c 20090413  |g PSBO 
801 2 |a RU  |b 63413507  |c 20160303  |g RCR 
942 |c BK